Biblioteka Instytutu Północnego w Olsztynie

Widok standardowy Widok MARC

Pozycja Topical Term

Liczba rekordów, w których użyto hasła: 1

001 - Numer kontrolny

  • control field: 40905

003 - Identyfikator numeru kontrolnego

  • control field: NUKAT

005 - Data i czas ostatniej modyfikacji

  • control field: 20260429143321.0

008 - Dane kontrolne kodowane (40 znaków)

  • fixed length control field: 170209n||azznnbabn |a ana |

010 ## - Numer kontrolny Biblioteki Kongresu

  • numer kontrolny LC: p 2017025445

035 ## - Numer systemowy

  • numer systemowy: a3594416x

035 ## - Numer systemowy

  • numer systemowy: (PL)a0000003594416

040 ## - Instytucja sporządzająca rekord

  • inst. przygot. dane do rek. khw: WA N
  • język haseł przedmiotowych/tezaurus: DBN
  • inst. wprow. rek. khw: WA N

072 ## - Kod kategorii przedmiotu

  • kod kategorii przedmiotu: 23

072 ## - Kod kategorii przedmiotu

  • kod kategorii przedmiotu: 33

150 ## - Hasło - nazwa pospolita

  • nazwa posp. lub nazwa geogr. na pocz.: Ewaluacja

450 ## - Trop zob. - nazwa pospolita

  • nazwa posp. lub nazwa geogr. na pocz.: Badania ewaluacyjne

450 ## - Trop zob. - nazwa pospolita

  • nazwa posp. lub nazwa geogr. na pocz.: Badanie ewaluacyjne

450 ## - Trop zob. - nazwa pospolita

  • nazwa posp. lub nazwa geogr. na pocz.: Evaluation

450 ## - Trop zob. - nazwa pospolita

  • nazwa posp. lub nazwa geogr. na pocz.: Proces ewaluacji

550 ## - Trop zob. też - nazwa pospolita

  • nazwa posp. lub nazwa geogr. na pocz.: Docymologia

550 ## - Trop zob. też - nazwa pospolita

  • podpole kontrolne: h
  • nazwa posp. lub nazwa geogr. na pocz.: Autoewaluacja

550 ## - Trop zob. też - nazwa pospolita

  • podpole kontrolne: h
  • nazwa posp. lub nazwa geogr. na pocz.: Ewaluacja wewnętrzna

550 ## - Trop zob. też - nazwa pospolita

  • podpole kontrolne: h
  • nazwa posp. lub nazwa geogr. na pocz.: Ewaluacja zewnętrzna

550 ## - Trop zob. też - nazwa pospolita

  • podpole kontrolne: h
  • nazwa posp. lub nazwa geogr. na pocz.: Ocena ex ante

550 ## - Trop zob. też - nazwa pospolita

  • podpole kontrolne: h
  • nazwa posp. lub nazwa geogr. na pocz.: Ocena ex post

555 ## - Trop zob. też - nazwa rodz. lub formalna

  • nazwa rodzajowa/formalna: Raport ewaluacyjny

682 ## - Informacja o usuniętym haśle

  • tekst wyjaśniający: zmienione z:
  • zastąpione hasło: Badania ewaluacyjne
Biblioteka Instytutu Północnego, ul. Partyzantów 87, 10-402 Olsztyn, email: biblioteka(at)ip.olsztyn.pl